Communication of a company under conditions of economical crisis

Komunikačné nástroje podniku v čase hospodárskej krízy. Popis typov, foriem a stratégie komunikácie.

Salvato in:
Dettagli Bibliografici
Autore principale: Trnovcová, Daniela
Natura: Capitolo di libro
Lingua:inglese
Soggetti:
Tags: Aggiungi Tag
Nessun Tag, puoi essere il primo ad aggiungerne!!

MARC

LEADER 00000nla a2200000 4500
001 0193190
005 20240502083448.4
041 0 |a eng 
044 |a CZ 
245 1 0 |a Communication of a company under conditions of economical crisis  |c Daniela Trnovcová 
520 |a Komunikačné nástroje podniku v čase hospodárskej krízy. Popis typov, foriem a stratégie komunikácie. 
610 2 0 |a podnik 
610 2 0 |a komunikácia firemná 
610 2 0 |a komunikácia interná 
610 2 0 |a komunikácia externá 
610 2 0 |a kríza hospodárska 
100 1 |a Trnovcová, Daniela